Passejades guiades :
Publicado:
Barcelona :
Diputació de Barcelona. Àrea d'Espais Naturals : Xarxa de Parcs Naturals ,
2008
Descripción Física:
Fulletons : il·lustracions ; 21 cm
Colección:
Itineraris guiats
Materias:
Parc Natural de Sant Llorenç del Munt i l'Obac (Catalunya) -- Guies
; Parc Natural de Sant Llorenç del Munt i l'Obac (Catalunya) -- Circuits turístics
; Parc Natural de Sant Llorenç del Munt i l'Obac (Catalunya)
; Fulletons
Idioma:
Catalán
MARC
| LEADER | 00000nam a2200000Ia 4500 | ||
|---|---|---|---|
| 001 | 21876, 23381, 23459, 23750, 24002, 25706, 26036, 26117, 26347, 28400 | ||
| 003 | Arxiu | ||
| 005 | 20260324181511.0 | ||
| 008 | 160829s2008 - xx 000 0 cat d | ||
| 017 | |a B 24680-2016 | ||
| 017 | |a B 4163-2019 | ||
| 017 | |a B 5544-2018 | ||
| 017 | |a B 9897-2023 | ||
| 040 | |a agdb |b cat | ||
| 041 | |a cat | ||
| 110 | 1 | |a Barcelona (Catalunya : Província). |9 7250 |b Xarxa de Parcs Naturals | |
| 245 | |a Passejades guiades : |c Parc Natural de Sant Llorenç del Munt i l'Obac | ||
| 246 | |a Passejades guiades i altres activitats | ||
| 260 | |a Barcelona : |b Diputació de Barcelona. Àrea d'Espais Naturals : |b Xarxa de Parcs Naturals ; |c 2008- | ||
| 300 | |a Fulletons : |b il·lustracions ; |c 21 cm | ||
| 490 | 1 | |a Itineraris guiats | |
| 590 | |a Inclou el mapa amb els punts de trobada | ||
| 610 | 1 | 0 | |a Parc Natural de Sant Llorenç del Munt i l'Obac (Catalunya) |v Guies |9 52718 |
| 610 | 1 | 0 | |a Parc Natural de Sant Llorenç del Munt i l'Obac (Catalunya) |9 52717 |x Circuits turístics |
| 610 | 1 | 0 | |a Parc Natural de Sant Llorenç del Munt i l'Obac (Catalunya) |9 10145 |
| 655 | 0 | |9 55858 |a Fulletons | |
| 710 | 1 | |a Barcelona (Catalunya : Província). |b Gerència de Serveis d’Espais Naturals |9 52730 | |
| 830 | 0 | |9 55838 |a Itineraris guiats | |
| 866 | |a 2008 | ||
| 866 | |a 2011- 2020 | ||
| 866 | |a 2022-2023 | ||
| 901 | |a Arxiu | ||
| 942 | |2 udc |n 1 |c ARXIU | ||
| 952 | |0 0 |1 0 |4 0 |7 1 |9 55082 |a Arxiu |b Arxiu |d 2023-04-05 |h 2008 |o FU-45-45, |p 21876 |r 2016-12-01 00:00:00 |w 2016-12-01 |y ARXIU | ||
| 952 | |0 0 |1 0 |4 0 |7 1 |9 55872 |a Arxiu |b Arxiu |d 2023-04-05 |h 2014 |o FU-62-126 |p 24002 |r 2016-12-01 00:00:00 |w 2016-12-01 |y ARXIU | ||
| 952 | |0 0 |1 0 |4 0 |6 FU6839 |7 1 |9 61447 |a Arxiu |b Arxiu |d 2022-05-02 |h 2020 |o FU-68-39 |p 25370 |r 2022-05-02 00:00:00 |w 2022-05-02 |y ARXIU | ||
| 952 | |0 0 |1 0 |4 0 |6 FU6986 |7 1 |9 62098 |a Arxiu |b Arxiu |d 2022-05-30 |h 2015 |o FU-69-86 |p 25706 |r 2022-05-30 00:00:00 |w 2022-05-30 |y ARXIU | ||
| 952 | |0 0 |1 0 |4 0 |6 FU706 |7 1 |9 62131 |a Arxiu |b Arxiu |d 2022-06-01 |h 2016 |o FU-70-6 |p 25741 |r 2022-06-01 00:00:00 |w 2022-06-01 |y ARXIU | ||
| 952 | |0 0 |1 0 |4 0 |6 FU7136 |7 1 |9 62506 |a Arxiu |b Arxiu |d 2022-06-22 |h 2017 |l 0 |o FU-71-36 |p 26036 |r 2022-06-22 00:00:00 |w 2022-06-22 |y ARXIU | ||
| 952 | |0 0 |1 0 |4 0 |6 FU7142 |7 1 |9 62605 |a Arxiu |b Arxiu |d 2022-07-01 |h 2019 |l 0 |o FU-71-42 |p 26117 |r 2022-07-01 00:00:00 |w 2022-07-01 |y ARXIU | ||
| 952 | |0 0 |1 0 |4 0 |6 FU7228 |7 1 |9 63189 |a Arxiu |b Arxiu |d 2022-07-26 |h 2018 |l 0 |o FU-72-28 |p 26347 |r 2022-07-26 00:00:00 |w 2022-07-26 |y ARXIU | ||
| 952 | |0 0 |1 0 |4 0 |6 FU7459 |7 1 |9 65350 |a Arxiu |b Arxiu |d 2023-02-27 |h 2022 |o FU-74-59 |p 27410 |r 2023-02-27 00:00:00 |w 2023-02-27 |y ARXIU | ||
| 952 | |0 0 |1 0 |4 0 |6 FU6141 |7 1 |9 65367 |a Arxiu |b Arxiu |d 2023-02-28 |h 2012 |l 0 |o FU-61-41 |p 23459 |r 2023-02-28 00:00:00 |w 2023-02-28 |y ARXIU | ||
| 952 | |0 0 |1 0 |4 0 |6 FU6117 |7 1 |9 65369 |a Arxiu |b Arxiu |d 2023-02-28 |h 2011 |o FU-61-17 |p 23381 |r 2023-02-28 00:00:00 |w 2023-02-28 |y ARXIU | ||
| 952 | |0 0 |1 0 |4 0 |7 1 |9 66011 |a Arxiu |b Arxiu |d 2023-04-05 |h 2012 |o FU-62-37 |p 23750 |r 2023-04-05 00:00:00 |w 2023-04-05 |y ARXIU | ||
| 952 | |0 0 |1 0 |4 0 |6 FU7648 |7 1 |9 96773 |a Arxiu |b Arxiu |d 2024-02-29 |h 2023 |l 0 |o FU-76-48 |p 28400 |r 2024-02-29 00:00:00 |w 2024-02-29 |y ARXIU | ||
| 999 | |c 58954 |d 58954 | ||